تحميل...

The mysterious island

التفاصيل البيبلوغرافية
المؤلف الرئيسي: Jules Verne
منشور في: Projapoti 2010
LEADER 00175 a2200085 4500
100 |a Jules Verne 
245 |a The mysterious island 
260 |c 2010  |b Projapoti 
942 |c BK  |6 _ 
999 |c 70780  |d 70780